00530nam a2200193 a 450000100060000000300080000600500170001400800410003103500190007204000270009104100080011808200280012610000210015424500470017526000400022230000240026250400360028665000140032269176BD-RjUL20211209081845.0170410t1967 enk b 001 0 eng  a(BD-RjUL)69387 aDLCcDLCdBD-RjULbeng aeng00a570.15195223bMAE 19671 aMather, Kenneth.14aThe elements of biometry /cKenneth Mather aLondon :bChapman and Hall,cc1967. ax, 193 p. ;c22 cm. aIncludes index and bibliography 0aBiometry.